Management of information technology (Record no. 832)

MARC details
000 -LEADER
fixed length control field 00563 a2200193 4500
001 - CONTROL NUMBER
control field 066834
003 - CONTROL NUMBER IDENTIFIER
control field OSt
005 - DATE AND TIME OF LATEST TRANSACTION
control field 20211018122834.0
008 - FIXED-LENGTH DATA ELEMENTS--GENERAL INFORMATION
fixed length control field
082 ## - DEWEY DECIMAL CLASSIFICATION NUMBER
Classification number 658.4038
Item number F88M
100 1# - MAIN ENTRY--PERSONAL NAME
Personal name Frenzel, Carrrol W.
245 1# - TITLE STATEMENT
Title Management of information technology
Statement of responsibility, etc by Carroll W. Frenzel and J.C. Frenzel
250 ## - EDITION STATEMENT
Edition statement 4th ed.
260 ## - PUBLICATION, DISTRIBUTION, ETC. (IMPRINT)
Place of publication, distribution, etc New Delhi
Name of publisher, distributor, etc Cengage Learning
Date of publication, distribution, etc 2009
300 ## - PHYSICAL DESCRIPTION
Extent 600p.
690 ## - LOCAL SUBJECT ADDED ENTRY--TOPICAL TERM (OCLC, RLIN)
Topical term or geographic name as entry element Information technology--Management; Information resources management
700 ## - ADDED ENTRY--PERSONAL NAME
Personal name Frenzel, J.C.
942 ## - ADDED ENTRY ELEMENTS (KOHA)
Source of classification or shelving scheme Dewey Decimal Classification
Koha item type Books
Holdings
Withdrawn status Lost status Source of classification or shelving scheme Damaged status Not for loan Collection code Home library Current library Date acquired Source of acquisition Cost, normal purchase price Full call number Barcode Date last seen Price effective from Koha item type
    Dewey Decimal Classification     General Text Book Central University Of Rajasthan Central University Of Rajasthan 07/03/2012 CSC 429.00 658.4038 F88M 1120 21/11/2024 02/09/2020 Books